000 00611nam a2200145Ia 4500
008 090124s9999 xx 000 0 und d
082 _b304451
245 _a महाराष्ट्राचे मुख्यमंत्री नारायण राणे
250 _a1
260 _bगाडे सोपान
_c2002
300 _a40
630 _a महाराष्ट्राचे मुख्यमंत्री नारायण राणे
730 _a महाराष्ट्राचे मुख्यमंत्री नारायण राणे
942 _cBOOK
999 _c194380
_d194380